[Event "11e Open International de La Fere"]
[Site "La Fere (FRA)"]
[Date "2012.07.08"]
[Round "2.10"]
[White "Durot, Edwige"]
[Black "Dumas, Victor"]
[Result "0-1"]
[WhiteElo "1713"]
[BlackElo "2064"]
[PlyCount "102"]
[EventDate "2012.??.??"]

1. e4 e5 2. Nf3 Nc6 3. Bc4 Nf6 4. d3 Be7 5. O-O O-O 6. c3 d5 7. exd5 Nxd5 8.
Re1 Bg4 9. h3 Bh5 10. Nbd2 Nb6 11. Bb5 Bd6 12. Ne4 Ne7 13. Ng3 Bxf3 14. Qxf3 c6
15. Bc4 Nxc4 16. dxc4 f5 17. Bg5 h6 18. Bxe7 Qxe7 19. Rad1 g6 20. Qd3 Rad8 21.
Qe2 e4 22. Nf1 Qe5 23. Qe3 g5 24. b4 Bb8 25. f3 Rxd1 26. Rxd1 Qe7 27. fxe4 fxe4
28. Re1 Re8 29. Nd2 Qd6 30. Nf1 Qf4 31. g3 Qf5 32. Kg2 Qg6 33. Nd2 Bf4 34. Qd4
Bxd2 35. Qxd2 Qf7 36. Qe2 Qe6 37. c5 e3 38. Kh2 Qe4 39. a4 Kg7 40. a5 a6 41. c4
Kg6 42. Kg1 h5 43. g4 hxg4 44. hxg4 Rh8 45. Qg2 Qxc4 46. Rxe3 Qc1+ 47. Kf2 Qd2+
48. Re2 Qd4+ 49. Kf1 Rf8+ 50. Ke1 Qxb4+ 51. Kd1 Rd8+ 0-1

[Event "11e Open International de La Fere"]
[Site "La Fere (FRA)"]
[Date "2012.07.08"]
[Round "2.11"]
[White "Van Poucke, Philippe"]
[Black "Barbaut, Michel"]
[Result "0-1"]
[WhiteElo "1700"]
[BlackElo "2032"]
[PlyCount "74"]
[EventDate "2012.??.??"]

1. e4 e5 2. Nc3 Nf6 3. a3 d5 4. exd5 c6 5. d4 exd4 6. Qxd4 cxd5 7. Bg5 Nc6 8.
Bb5 Be7 9. Nge2 O-O 10. Bxc6 bxc6 11. O-O Be6 12. Nf4 h6 13. Nxe6 fxe6 14. Bh4
Nd7 15. Bxe7 Qxe7 16. Rfe1 e5 17. b4 Qg5 18. Qe3 Qf5 19. Qd2 Nf6 20. f3 Rad8
21. Ne2 Qg6 22. Rad1 e4 23. Nd4 exf3 24. Nxc6 Kh8 25. Ne5 Qh5 26. gxf3 Rde8 27.
f4 Ne4 28. Qg2 Rxe5 29. fxe5 Rf2 30. Rd2 Rxg2+ 31. Rxg2 Qxe5 32. Rd2 Qg5+ 33.
Kh1 Qf4 34. Kg1 Qg4+ 35. Kh1 Qf3+ 36. Kg1 Ng5 37. Rf2 Nh3+ 0-1

[Event "11e Open International de La Fere"]
[Site "La Fere (FRA)"]
[Date "2012.07.08"]
[Round "2.12"]
[White "Mataigne, Jean-Michel"]
[Black "Nicolas, Christian"]
[Result "1-0"]
[WhiteElo "2008"]
[BlackElo "1716"]
[PlyCount "41"]
[EventDate "2012.??.??"]

1. e4 d6 2. d4 Nf6 3. Nc3 g6 4. g3 Bg7 5. Bg2 Nc6 6. d5 Ne5 7. h3 c5 8. f4 Ned7
9. Nf3 Qb6 10. O-O e5 11. dxe6 fxe6 12. Kh2 O-O 13. Qd3 Ne8 14. Ng5 e5 15. Qd5+
Kh8 16. Nf7+ Rxf7 17. Qxf7 Qd8 18. f5 Nf8 19. Nd5 Nf6 20. Bg5 N6d7 21. fxg6 1-0

[Event "11e Open International de La Fere"]
[Site "La Fere (FRA)"]
[Date "2012.07.08"]
[Round "2.13"]
[White "Forthofer, Robert"]
[Black "Waquet, Frederic"]
[Result "1-0"]
[WhiteElo "2259"]
[BlackElo "1966"]
[PlyCount "91"]
[EventDate "2012.??.??"]

1. d4 Nf6 2. c4 c5 3. d5 b5 4. Nf3 Bb7 5. cxb5 Bxd5 6. Nc3 Bb7 7. Bg5 Qa5 8.
Qd2 d5 9. O-O-O e6 10. Kb1 d4 11. Nd5 Qxd2 12. Nxf6+ gxf6 13. Bxd2 a6 14. e3
axb5 15. Bxb5+ Bc6 16. Bxc6+ Nxc6 17. Rc1 Ne5 18. exd4 Nxf3 19. gxf3 Rd8 20.
Bc3 cxd4 21. Ba5 Rd5 22. Rc8+ Kd7 23. Ra8 Bg7 24. Ra7+ Kc8 25. Bb4 Rb5 26. Bd6
Bh6 27. Ra8+ Kd7 28. Rxh8 Kxd6 29. Rxh7 Bd2 30. Kc2 Bf4 31. Rd1 Ke5 32. a4 Rb7
33. h4 Rc7+ 34. Kd3 Rb7 35. Kc2 Rc7+ 36. Kb3 Rb7+ 37. Ka3 Kd5 38. Rh8 Bd6+ 39.
Ka2 Rc7 40. h5 Rc2 41. h6 Rxf2 42. h7 Rh2 43. a5 Ke5 44. a6 Bc5 45. Rc8 Rxh7
46. Rxc5+ 1-0

[Event "11e Open International de La Fere"]
[Site "La Fere (FRA)"]
[Date "2012.07.08"]
[Round "2.14"]
[White "Godart, Michel"]
[Black "Poulain, Andre"]
[Result "1/2-1/2"]
[WhiteElo "1729"]
[BlackElo "1806"]
[PlyCount "50"]
[EventDate "2012.??.??"]

1. c4 e5 2. Nc3 Nc6 3. g3 Nf6 4. Bg2 Be7 5. d3 O-O 6. e4 d6 7. Nge2 Nd7 8. O-O
Nb6 9. Be3 Be6 10. a4 a5 11. Nd5 Nc8 12. Rc1 b6 13. Qd2 Qd7 14. d4 f6 15. f4
exd4 16. Nxd4 Nxd4 17. Bxd4 c5 18. Bc3 Ra7 19. b3 Bf7 20. Rcd1 Bh5 21. Bf3 Bxf3
22. Rxf3 Qc6 23. Re3 Re8 24. Re2 Rd7 25. Qb2 Bd8 1/2-1/2

[Event "11e Open International de La Fere"]
[Site "La Fere (FRA)"]
[Date "2012.07.08"]
[Round "2.16"]
[White "Arnaudov, G. Petar"]
[Black "Tawegoum, Ivan"]
[Result "1-0"]
[WhiteElo "2486"]
[BlackElo "1721"]
[PlyCount "53"]
[EventDate "2012.??.??"]

1. Nf3 c5 2. c4 e6 3. Nc3 a6 4. g3 Qc7 5. Bg2 Nc6 6. O-O Nf6 7. d4 cxd4 8. Nxd4
Bc5 9. Nb3 Be7 10. Bf4 d6 11. Rc1 O-O 12. Nd5 Nxd5 13. cxd5 exd5 14. Bxd5 Qd7
15. Qd2 Rd8 16. Rfd1 Ne5 17. Bg2 Ng6 18. Be3 Qe6 19. Nc5 dxc5 20. Qxd8+ Bxd8
21. Rxd8+ Nf8 22. Bxc5 h6 23. e3 Kh7 24. Rxf8 a5 25. Bd4 Qxa2 26. Be4+ f5 27.
Rc7 1-0

[Event "11e Open International de La Fere"]
[Site "La Fere (FRA)"]
[Date "2012.07.08"]
[Round "2.17"]
[White "Sobry, Sebastien"]
[Black "Louis, Andre"]
[Result "1-0"]
[WhiteElo "2039"]
[BlackElo "1709"]
[PlyCount "97"]
[EventDate "2012.??.??"]

1. e4 c5 2. Nf3 Nc6 3. d4 cxd4 4. Nxd4 Nf6 5. Nc3 e5 6. Ndb5 d6 7. Bg5 a6 8.
Na3 b5 9. Bxf6 gxf6 10. Nd5 f5 11. c3 Bg7 12. exf5 Bxf5 13. Nc2 O-O 14. Nce3
Be6 15. g3 Rc8 16. a4 bxa4 17. Rxa4 a5 18. Bg2 f5 19. O-O Kh8 20. Nc4 Ne7 21.
Nxe7 Rxc4 22. Nd5 Rxa4 23. Qxa4 Bxd5 24. Bxd5 Qb6 25. b4 axb4 26. cxb4 Rb8 27.
Rc1 Bf8 28. Qd7 Qxb4 29. Qxf5 Qb2 30. Rc2 Qb6 31. Qf7 Bg7 32. Be4 Rf8 33. Qh5
h6 34. Qg6 Kg8 35. Qh7+ Kf7 36. Rc6 Qd8 37. Ra6 Qe7 38. Bd5+ Kf6 39. Qe4 Qc7
40. Qh4+ Kg6 41. Rc6 Qd8 42. Be4+ Kf7 43. Bd5+ Kg6 44. Qe4+ Kf6 45. f4 Ke7 46.
Qg6 Bf6 47. Qh7+ Ke8 48. Ra6 Qe7 49. Ra8+ 1-0

[Event "11e Open International de La Fere"]
[Site "La Fere (FRA)"]
[Date "2012.07.08"]
[Round "2.18"]
[White "Husson, Cybele"]
[Black "Verhaeghe, Koen"]
[Result "1/2-1/2"]
[WhiteElo "1937"]
[BlackElo "1698"]
[PlyCount "70"]
[EventDate "2012.??.??"]

1. e4 e6 2. Qe2 Be7 3. g3 b6 4. Bg2 Bb7 5. c3 Nf6 6. d3 c5 7. Nd2 d5 8. f4 dxe4
9. dxe4 Ba6 10. c4 Bb7 11. Ngf3 Nc6 12. e5 Ng8 13. O-O Nh6 14. Nb3 Qc7 15. h3
Nf5 16. Kh2 h5 17. Rd1 Rd8 18. Be3 f6 19. Rxd8+ Nxd8 20. Bf2 Bxf3 21. Bxf3 fxe5
22. Bxh5+ Nf7 23. fxe5 Rxh5 24. Qxh5 Qxe5 25. Re1 Qxb2 26. Re2 Qf6 27. Qf3 Qh6
28. Qc6+ Kf8 29. Qxe6 Qxe6 30. Rxe6 Bd6 31. Re2 Ne5 32. Nd2 Kf7 33. Kg2 Nd3 34.
Ne4 Bb8 35. g4 Nh4+ 1/2-1/2

[Event "11e Open International de La Fere"]
[Site "La Fere (FRA)"]
[Date "2012.07.08"]
[Round "2.19"]
[White "Merbeth, Paul"]
[Black "Le Kouaghet, Euwen"]
[Result "0-1"]
[WhiteElo "1718"]
[BlackElo "1920"]
[PlyCount "58"]
[EventDate "2012.??.??"]

1. e4 c6 2. d4 d5 3. e5 Bf5 4. Nc3 e6 5. g4 Bg6 6. Nge2 h6 7. f4 Bb4 8. Bg2 c5
9. f5 exf5 10. Nf4 Qh4+ 11. Kf1 Bxc3 12. bxc3 Ne7 13. Ba3 cxd4 14. Bxe7 Qxe7
15. cxd4 Nc6 16. Nxd5 Qd7 17. Qd2 fxg4 18. Qf4 O-O 19. c3 Rad8 20. Re1 Qe6 21.
c4 Bd3+ 22. Kf2 Bxc4 23. Nc7 Qe7 24. d5 Qxc7 25. Qxc4 Qb6+ 26. Kg3 Ne7 27. d6
Nf5+ 28. Kf4 Qf2+ 29. Kxg4 Qh4+ 0-1

[Event "11e Open International de La Fere"]
[Site "La Fere (FRA)"]
[Date "2012.07.08"]
[Round "2.20"]
[White "Alloui-Cros, Baptiste"]
[Black "Perrin, Yves"]
[Result "1-0"]
[WhiteElo "1695"]
[BlackElo "1890"]
[PlyCount "37"]
[EventDate "2012.??.??"]

1. d4 Nf6 2. Nc3 d5 3. e4 dxe4 4. f3 Bf5 5. fxe4 Nxe4 6. Qf3 Nd6 7. Bf4 Qc8 8.
Bd3 Bxd3 9. Qxd3 Qg4 10. Nge2 Qxg2 11. O-O-O Qc6 12. Rhf1 Na6 13. d5 Qd7 14.
Qf3 Qf5 15. Nd4 Qf6 16. Qe2 Qg6 17. Rg1 Qf6 18. Bg5 Qg6 19. Bxe7 1-0

[Event "11e Open International de La Fere"]
[Site "La Fere (FRA)"]
[Date "2012.07.08"]
[Round "2.21"]
[White "Soveaux, Jean"]
[Black "Rouffignac, Marie"]
[Result "0-1"]
[WhiteElo "1834"]
[BlackElo "1689"]
[PlyCount "68"]
[EventDate "2012.??.??"]

1. d4 Nf6 2. c4 g6 3. Nc3 d5 4. Nf3 Bg7 5. e3 O-O 6. cxd5 Nxd5 7. a3 Nxc3 8.
bxc3 c5 9. Bd3 Nc6 10. Bb2 Qa5 11. O-O Rd8 12. Qc2 cxd4 13. cxd4 Bg4 14. Nd2
Rac8 15. Bc3 Qc7 16. Rac1 e5 17. Nb3 Qe7 18. Qb2 exd4 19. exd4 Be6 20. Rfe1 Qg5
21. Nc5 Nxd4 22. Ne4 Qe7 23. Bf1 b6 24. Rcd1 Nf5 25. Rxd8+ Qxd8 26. Bxg7 Nxg7
27. Nf6+ Kh8 28. Re4 Qd1 29. Rh4 h5 30. Rd4 Qb3 31. Qd2 Nf5 32. Rd8+ Rxd8 33.
Qxd8+ Kg7 34. Ne8+ Kh6 0-1

[Event "11e Open International de La Fere"]
[Site "La Fere (FRA)"]
[Date "2012.07.08"]
[Round "2.22"]
[White "Bracq, Christian"]
[Black "Vandervorst, Marc"]
[Result "1/2-1/2"]
[WhiteElo "1640"]
[BlackElo "1833"]
[PlyCount "75"]
[EventDate "2012.??.??"]

1. e4 e5 2. Nc3 Bc5 3. g3 d6 4. Bg2 Nf6 5. h3 Be6 6. Nge2 Qc8 7. d3 h6 8. Be3
Nc6 9. Bxc5 dxc5 10. f4 exf4 11. Nxf4 Bd7 12. Ncd5 Nh7 13. c3 O-O 14. Qd2 Re8
15. Qf2 b6 16. O-O Nd8 17. Rae1 c6 18. Ne3 g5 19. Nc4 gxf4 20. Nd6 Qc7 21. Nxe8
Bxe8 22. gxf4 Qd6 23. Re3 Kf8 24. e5 Qc7 25. Qh4 h5 26. Qxh5 f6 27. Qf5 Qg7 28.
e6 Ke7 29. Rff3 Qg6 30. Qxg6 Bxg6 31. Rg3 Nf8 32. f5 Bxf5 33. Rg7+ Kd6 34. e7
Nde6 35. exf8=Q+ Rxf8 36. Rxa7 Rg8 37. Kf2 Nf4 38. Bf1 1/2-1/2

[Event "11e Open International de La Fere"]
[Site "La Fere (FRA)"]
[Date "2012.07.08"]
[Round "2.23"]
[White "Picart, Alban"]
[Black "Tenot, Fabrice"]
[Result "1-0"]
[WhiteElo "1820"]
[BlackElo "1620"]
[PlyCount "121"]
[EventDate "2012.??.??"]

1. e4 e5 2. Bc4 Be7 3. Qh5 g6 4. Qxe5 Nf6 5. d3 O-O 6. c3 Nc6 7. Qg3 d5 8. exd5
Nxd5 9. Ne2 Bh4 10. Qf3 Nf6 11. d4 Re8 12. h3 Bf5 13. O-O Be4 14. Qf4 Nd5 15.
Bxd5 Bxd5 16. Ng3 Bf6 17. Nd2 Bg5 18. Qg4 Be6 19. Qd1 Qd5 20. Nde4 Be7 21. Bh6
f5 22. Ng5 Bd7 23. Re1 Bf6 24. Qd2 Re7 25. Nf3 Rae8 26. b3 b6 27. Re3 b5 28.
Rae1 a6 29. Rxe7 Rxe7 30. Rxe7 Nxe7 31. Bg5 Qe6 32. d5 Qd6 33. c4 Bc8 34. Ne2
Bxg5 35. Qxg5 c6 36. Qh6 Qf6 37. Ng5 cxd5 38. cxd5 Nxd5 39. Qxh7+ Kf8 40. Qh4
Qa1+ 41. Kh2 Qe5+ 42. Ng3 Nc3 43. Qb4+ Kg7 44. a3 Ne2 45. Qh4 Kf8 46. Qh6+ Qg7
47. Qxg7+ Kxg7 48. Nxe2 Kf6 49. f4 Bb7 50. Nd4 Bd5 51. g4 a5 52. Kg3 a4 53. b4
Bc4 54. Ngf3 Bd3 55. g5+ Ke7 56. Ne5 Bf1 57. Nxg6+ Kd6 58. Nxf5+ Kd5 59. Ne5
Bd3 60. Nxd3 Kc4 61. g6 1-0

[Event "11e Open International de La Fere"]
[Site "La Fere (FRA)"]
[Date "2012.07.08"]
[Round "2.24"]
[White "Fauchart, Francois"]
[Black "Cazacu, Gabriela"]
[Result "0-1"]
[WhiteElo "1639"]
[BlackElo "1814"]
[PlyCount "114"]
[EventDate "2012.??.??"]

1. d4 Nf6 2. Nf3 c5 3. c3 b6 4. Bf4 Bb7 5. e3 g6 6. Nbd2 Bg7 7. h3 O-O 8. Be2
d6 9. O-O Nc6 10. Re1 a6 11. Bg5 Nh5 12. Bh4 b5 13. Nh2 Nf6 14. Bf3 Qb6 15. Ng4
Nxg4 16. Bxg4 f5 17. Bf3 Kh8 18. a4 Bf6 19. Bxf6+ Rxf6 20. axb5 axb5 21. Rxa8+
Bxa8 22. dxc5 dxc5 23. Qa1 Bb7 24. Rd1 c4 25. b4 Rd6 26. Nf1 Qd8 27. Nh2 e5 28.
Rxd6 Qxd6 29. Qd1 Qd3 30. Qxd3 cxd3 31. Nf1 e4 32. Bd1 Ne5 33. Nd2 Bd5 34. f4
Nd7 35. Kf2 Kg7 36. g4 Nb6 37. g5 Ba2 38. Nb3 Nd5 39. Nd4 Nxc3 40. Bb3 d2 41.
Bc2 d1=Q 42. Bxd1 Nxd1+ 43. Ke2 Nc3+ 44. Kd2 Nd5 45. Nxb5 Nxb4 46. Kc3 Nd3 47.
Kd2 Nf2 48. h4 Ng4 49. Nd6 h5 50. gxh6+ Kxh6 51. Nb5 Kh5 52. Nc3 Bc4 53. Nd1
Kxh4 54. Nb2 Bb5 55. Nd1 Kg3 56. Nc3 Bc4 57. Nd1 Kf3 0-1

[Event "11e Open International de La Fere"]
[Site "La Fere (FRA)"]
[Date "2012.07.08"]
[Round "2.25"]
[White "Obert, Julien"]
[Black "Herman, Jose"]
[Result "1-0"]
[WhiteElo "1810"]
[BlackElo "1641"]
[PlyCount "69"]
[EventDate "2012.??.??"]

1. e4 e6 2. d4 d5 3. Nc3 Nf6 4. Bg5 dxe4 5. Nxe4 Be7 6. Nxf6+ Bxf6 7. Bxf6 Qxf6
8. Nf3 Nd7 9. c3 a6 10. Be2 b5 11. O-O Bb7 12. a4 c6 13. Re1 O-O 14. Qc2 Rac8
15. Bd3 h6 16. Be4 Rc7 17. axb5 axb5 18. Ra7 Rfc8 19. Rea1 Qd8 20. Qe2 f5 21.
Bc2 Qf6 22. Bb3 Re8 23. h3 Kh7 24. Ne5 Nxe5 25. Qxe5 Qxe5 26. dxe5 c5 27. Rd1
c4 28. Bc2 Ra8 29. Rxa8 Bxa8 30. Rd6 Rc6 31. g4 Rxd6 32. exd6 Bc6 33. gxf5 exf5
34. Bxf5+ g6 35. d7 1-0

[Event "11e Open International de La Fere"]
[Site "La Fere (FRA)"]
[Date "2012.07.08"]
[Round "2.26"]
[White "Galoppa, Ludovic"]
[Black "Van Poucke, Anthony"]
[Result "1/2-1/2"]
[WhiteElo "1799"]
[BlackElo "1611"]
[PlyCount "109"]
[EventDate "2012.??.??"]

1. c4 e5 2. Nc3 f5 3. g3 Nf6 4. Bg2 e4 5. d3 Bb4 6. Bd2 d5 7. cxd5 Bxc3 8. Bxc3
O-O 9. dxe4 fxe4 10. Qd4 Bf5 11. Rd1 Qd7 12. Qc4 b5 13. Qb3 Ng4 14. Bd4 Bg6 15.
f3 exf3 16. Nxf3 a5 17. O-O a4 18. Qc3 Na6 19. Ne5 Nxe5 20. Bxe5 Bh5 21. Rfe1
Rae8 22. d6 Qf5 23. Bd5+ Bf7 24. Bxf7+ Rxf7 25. Bf4 g5 26. Qc6 Qc5+ 27. Qxc5
Nxc5 28. dxc7 Ne6 29. Bxg5 Rxc7 30. Rc1 Nxg5 31. Rxc7 Nf3+ 32. exf3 Rxe1+ 33.
Kf2 Rh1 34. Kg2 Rb1 35. Rc2 b4 36. a3 bxa3 37. bxa3 Rb3 38. Ra2 Kf7 39. g4 Kf6
40. Kg3 Ke5 41. h4 Rc3 42. Kf2 Kf4 43. g5 Rxf3+ 44. Kg1 Rg3+ 45. Kf1 Kg4 46.
Rc2 Kxh4 47. Rc4+ Rg4 48. Rc7 Kxg5 49. Rxh7 Kf4 50. Ke2 Ke4 51. Kd2 Kd4 52. Rb7
Kc5 53. Kc2 Rg3 54. Rc7+ Kd4 55. Rd7+ 1/2-1/2

[Event "11e Open International de La Fere"]
[Site "La Fere (FRA)"]
[Date "2012.07.08"]
[Round "2.27"]
[White "Delias, Gerard"]
[Black "Brobecker, Alain"]
[Result "0-1"]
[WhiteElo "1610"]
[BlackElo "1793"]
[PlyCount "110"]
[EventDate "2012.??.??"]

1. c4 e5 2. g3 Nc6 3. Bg2 Bc5 4. Nc3 Nf6 5. e3 d6 6. Nge2 O-O 7. O-O Bg4 8. a3
a5 9. b3 Qd7 10. Bb2 Bh3 11. d4 Bxg2 12. Kxg2 Bb6 13. dxe5 Nxe5 14. Nd5 Nxd5
15. Qxd5 c6 16. Qd2 Qf5 17. Bxe5 dxe5 18. Nc3 Rad8 19. Qe2 Qd3 20. Qxd3 Rxd3
21. Na4 Rxb3 22. Rab1 Rxb1 23. Rxb1 Bc7 24. Rxb7 Bd6 25. c5 Rb8 26. Rd7 Bf8 27.
Ra7 Rb3 28. Nb6 Rxa3 29. Ra8 Rd3 30. Rxa5 f5 31. Nc4 Rd5 32. f4 exf4 33. exf4
Bxc5 34. Ne5 Bf8 35. Nxc6 Rxa5 36. Nxa5 Kf7 37. Kf3 Ke6 38. Ke3 Bc5+ 39. Kd3
Bg1 40. h3 Bh2 41. Ke3 Bxg3 42. Kf3 Be1 43. Nc4 Bc3 44. Ne3 Bd2 45. Nf1 Bc1 46.
Ng3 g6 47. Ne2 Bb2 48. Ng3 Kd5 49. Ne2 Kc4 50. Ke3 Bf6 51. Ng3 Bd4+ 52. Kd2 Bf2
53. Ne2 h6 54. Kc2 Be3 55. Kd1 Kd3 0-1

[Event "11e Open International de La Fere"]
[Site "La Fere (FRA)"]
[Date "2012.07.08"]
[Round "2.28"]
[White "De Brouwere, Johan"]
[Black "Gomes, Alexis"]
[Result "1/2-1/2"]
[WhiteElo "1786"]
[BlackElo "1607"]
[PlyCount "72"]
[EventDate "2012.??.??"]

1. Nf3 f5 2. d4 Nf6 3. g3 g6 4. Bg2 Bg7 5. c4 d5 6. Nc3 O-O 7. O-O dxc4 8. Ne5
Ng4 9. Nxc4 Qxd4 10. Qb3 Kh8 11. Bxb7 Bxb7 12. Qxb7 Nd7 13. Qd5 Nb6 14. Qxd4
Bxd4 15. Nxb6 cxb6 16. Nb5 Rfd8 17. h3 Nf6 18. Nxd4 Rxd4 19. Be3 Rd7 20. Rfd1
Rad8 21. Rxd7 Rxd7 22. Rc1 Kg7 23. Kf1 Ne4 24. Ke1 g5 25. Rc2 h6 26. g4 f4 27.
Bd2 Nxd2 28. Rxd2 Rxd2 29. Kxd2 Kf6 30. Kd3 Ke5 31. e4 Kd6 32. Kc4 a6 33. a4 e5
34. b4 Kc6 35. b5+ axb5+ 36. axb5+ Kd6 1/2-1/2

[Event "11e Open International de La Fere"]
[Site "La Fere (FRA)"]
[Date "2012.07.08"]
[Round "2.29"]
[White "Pruvost, Alain"]
[Black "Wolfangel, Claude"]
[Result "1-0"]
[WhiteElo "1604"]
[BlackElo "1784"]
[PlyCount "75"]
[EventDate "2012.??.??"]

1. b4 e5 2. b5 d5 3. Bb2 Bd6 4. c4 c6 5. a4 Nf6 6. e3 O-O 7. cxd5 cxd5 8. Nf3
Re8 9. Be2 Bg4 10. Nd4 Bxe2 11. Nxe2 Nbd7 12. O-O Nc5 13. d4 exd4 14. Nxd4 Rc8
15. Nc3 Nce4 16. Nxe4 Rxe4 17. Nf3 Ng4 18. h3 Nh6 19. Bd4 b6 20. Rc1 Bc5 21.
Nd2 Re8 22. Nb3 Qd6 23. Qd3 Ba3 24. Rc2 f6 25. a5 Rc7 26. axb6 axb6 27. Rxc7
Qxc7 28. Ra1 Qd6 29. Bxb6 Rc8 30. Bd4 Nf7 31. b6 Nd8 32. Qa6 Qc6 33. Qxa3 Qd7
34. Qa7 Qb5 35. Nc5 Rxc5 36. Qe7 Rc8 37. Ra7 Ne6 38. Qxe6+ 1-0

[Event "11e Open International de La Fere"]
[Site "La Fere (FRA)"]
[Date "2012.07.08"]
[Round "2.30"]
[White "Vekemans, Paul"]
[Black "Van Poucke, Guy"]
[Result "1-0"]
[WhiteElo "1781"]
[BlackElo "1594"]
[PlyCount "64"]
[EventDate "2012.??.??"]

1. e4 c5 2. Nf3 d6 3. d4 cxd4 4. Nxd4 Nf6 5. Nc3 g6 6. f3 Bg7 7. Be3 O-O 8. Qd2
Nc6 9. O-O-O d5 10. Nb3 e6 11. exd5 exd5 12. Nxd5 Nxd5 13. Qxd5 Qf6 14. Bd4
Qf4+ 15. Kb1 Nxd4 16. Nxd4 Qf6 17. Qb3 Rd8 18. c3 Bf5+ 19. Ka1 Rac8 20. Bd3
Bxd3 21. Rxd3 Qg5 22. Qd1 Bxd4 23. cxd4 Qxg2 24. Rd2 Qg5 25. Rg1 Qd5 26. Re1
Rc7 27. Kb1 Rdc8 28. Qe2 Qf5+ 29. Qe4 Qa5 30. Red1 Qg5 31. f4 Qb5 32. Qe5 Rc2
1-0

[Event "11e Open International de La Fere"]
[Site "La Fere (FRA)"]
[Date "2012.07.08"]
[Round "2.31"]
[White "Menjour, Mohamed"]
[Black "Ternisien, Clement"]
[Result "0-1"]
[WhiteElo "1770"]
[BlackElo "1580"]
[PlyCount "74"]
[EventDate "2012.??.??"]

1. Nf3 d5 2. d4 Nf6 3. g3 Bf5 4. Bg2 e6 5. Nbd2 c5 6. c3 Nc6 7. O-O Qc7 8. Re1
cxd4 9. Nxd4 Nxd4 10. cxd4 Bc2 11. e4 Bxd1 12. Rxd1 Be7 13. e5 Nd7 14. Nf3 O-O
15. Be3 Rac8 16. Bf1 Qb6 17. b3 f6 18. Bh3 Rc6 19. Kg2 Qc7 20. Bf4 fxe5 21.
dxe5 Qb6 22. Nd4 Bc5 23. Nxc6 Qxc6 24. Rac1 g5 25. b4 gxf4 26. bxc5 Nxe5 27.
Re1 d4+ 28. Kf1 Qh1+ 29. Ke2 d3+ 30. Kd1 Qf3+ 31. Kd2 Qxf2+ 32. Kc3 Qxc5+ 33.
Kb2 Qb4+ 34. Ka1 Qd4+ 35. Kb1 Nf3 36. Rcd1 Qb4+ 37. Ka1 Nxe1 0-1

[Event "11e Open International de La Fere"]
[Site "La Fere (FRA)"]
[Date "2012.07.08"]
[Round "2.32"]
[White "Huyet, Yannick"]
[Black "Casier, Fabrice"]
[Result "0-1"]
[WhiteElo "1569"]
[BlackElo "1769"]
[PlyCount "114"]
[EventDate "2012.??.??"]

1. e4 d5 2. exd5 Qxd5 3. Nc3 Qa5 4. d4 c6 5. Nf3 Nf6 6. Bd2 Bg4 7. h3 Bf5 8.
Be2 e6 9. O-O Bd6 10. Ne4 Qd8 11. Nxd6+ Qxd6 12. a3 Nbd7 13. Bb4 Qc7 14. Bd3
Bxd3 15. Qxd3 a5 16. Bd2 O-O 17. c3 e5 18. dxe5 Nxe5 19. Nxe5 Qxe5 20. Rfe1 Qc7
21. Qf5 Rad8 22. Bf4 Qb6 23. Bh6 Rd5 24. Qf4 Rfd8 25. Qe3 Qxe3 26. Bxe3 Ne4 27.
Bb6 Re8 28. f3 Nf6 29. Rxe8+ Nxe8 30. c4 Rd2 31. Rb1 a4 32. Re1 Nf6 33. Re7 Rd7
34. Rxd7 Nxd7 35. Be3 Ne5 36. c5 Nd3 37. Bd4 f5 38. Kf1 Kf7 39. Ke2 Nf4+ 40.
Kf2 g6 41. h4 Ke6 42. g3 Nd3+ 43. Ke3 Nc1 44. Kf4 Ne2+ 45. Ke3 Nxg3 46. Kd3 Kd5
47. Bf2 f4 48. Kc3 Nf5 49. Kb4 Ne3 50. Kxa4 Kxc5 51. b4+ Kc4 52. Ka5 Nd5 53.
Bc5 b5 54. a4 bxa4 55. Kxa4 Kd3 56. b5 Nc3+ 57. Kb4 Nxb5 0-1

[Event "11e Open International de La Fere"]
[Site "La Fere (FRA)"]
[Date "2012.07.08"]
[Round "2.33"]
[White "Paillard, Maximilien"]
[Black "Marlein, Jacques"]
[Result "1-0"]
[WhiteElo "1741"]
[BlackElo "1620"]
[PlyCount "123"]
[EventDate "2012.??.??"]

1. d4 d5 2. e3 c6 3. Bd3 Nf6 4. Nd2 e6 5. c3 Bd6 6. f4 h5 7. Nh3 Ng4 8. Nf3 f5
9. O-O Nd7 10. Ne5 Qf6 11. Qf3 Qh6 12. Bd2 Be7 13. c4 Ndxe5 14. fxe5 g6 15.
cxd5 cxd5 16. Qe2 O-O 17. e4 g5 18. exd5 exd5 19. Qf3 Be6 20. Rac1 f4 21. Rc7
Rf7 22. Rfc1 Raf8 23. Nf2 Ne3 24. Bxe3 fxe3 25. Qxe3 Qg7 26. Rf1 g4 27. Rc3 Rf3
28. Qc1 Bg5 29. Qc2 Be3 30. Bh7+ Kh8 31. gxf3 gxf3+ 32. Qg6 Bxd4 33. Qxg7+ Kxg7
34. Rc7+ Kh6 35. Kh1 Bxe5 36. Re7 Rf6 37. Bb1 Bd6 38. Rxb7 Bc5 39. h4 Bf7 40.
Nd3 Bd4 41. Kh2 Bg6 42. Kg3 Be4 43. b4 Rg6+ 44. Kh3 Bf5+ 45. Kh2 Rg2+ 46. Kh1
Rg4 47. Nf2 Rxh4+ 48. Kg1 Bh3 49. Rc1 Rg4+ 50. Kh1 Bg2+ 51. Kg1 Rh4 52. Rc6+
Kg5 53. Rg6+ Kf4 54. Rf7+ Ke3 55. Rxg2 fxg2 56. Kxg2 Bb6 57. Rf3+ Kd4 58. Kg3
Bd8 59. a3 Ke5 60. Nd3+ Ke6 61. Nc5+ Ke7 62. Kxh4 1-0

[Event "11e Open International de La Fere"]
[Site "La Fere (FRA)"]
[Date "2012.07.08"]
[Round "2.34"]
[White "Calonne, Pascal"]
[Black "Brugge, Bruno"]
[Result "0-1"]
[WhiteElo "1558"]
[BlackElo "1735"]
[PlyCount "74"]
[EventDate "2012.??.??"]

1. Nf3 Nf6 2. c4 g6 3. d4 Bg7 4. Nc3 O-O 5. e4 d6 6. Be2 c5 7. Be3 Ng4 8. Bg5
Nf6 9. O-O Bg4 10. dxc5 dxc5 11. h3 Bxf3 12. Bxf3 Qb6 13. Qc2 e6 14. Rad1 Nc6
15. Be3 Nd4 16. Bxd4 cxd4 17. Na4 Qd6 18. Nc3 Nd7 19. Nb5 Qb6 20. b3 Rac8 21.
Rfe1 Qxb5 22. cxb5 Rxc2 23. e5 b6 24. Rxd4 Nxe5 25. Rd6 Nxf3+ 26. gxf3 Rxa2 27.
Red1 Ra5 28. Rd7 Rxb5 29. Rxa7 Rxb3 30. Kg2 b5 31. Rb7 b4 32. Rb5 Rb2 33. Rd7
Bc3 34. Rd1 Rd2 35. Rf1 Rfd8 36. Re1 Rb2 37. Rf1 Rbd2 0-1

[Event "11e Open International de La Fere"]
[Site "La Fere (FRA)"]
[Date "2012.07.08"]
[Round "2.35"]
[White "Teodorczyk, Ludovic"]
[Black "Gaudin, Roger"]
[Result "1-0"]
[WhiteElo "1731"]
[BlackElo "1506"]
[PlyCount "83"]
[EventDate "2012.??.??"]

1. d4 d5 2. c4 c6 3. Nc3 Nf6 4. e3 e6 5. Bd3 dxc4 6. Bxc4 Nbd7 7. Nf3 Bd6 8.
O-O O-O 9. e4 Bc7 10. h3 c5 11. Qe2 cxd4 12. Nxd4 Ne5 13. Be3 a6 14. Rad1 Nxc4
15. Qxc4 Qd6 16. f4 Qe7 17. Nb3 Rd8 18. Bc5 Qe8 19. Be3 Bd7 20. Qxc7 Bc6 21.
Rxd8 Rxd8 22. Qe5 Nd7 23. Qg5 Nf6 24. Bd4 h6 25. Qg3 Nh5 26. Qe3 f5 27. exf5
Qf8 28. Qxe6+ Kh8 29. Qg6 Nf6 30. Bxf6 gxf6 31. Kh2 Rd7 32. Rf2 Rh7 33. Nd4 Be8
34. Qg3 Rg7 35. Qf3 Qd6 36. Ne6 Rg8 37. Qd5 Qb6 38. Qd4 Qc6 39. Qxf6+ Kh7 40.
Nf8+ Rxf8 41. Qxf8 Qb6 42. f6 1-0

[Event "11e Open International de La Fere"]
[Site "La Fere (FRA)"]
[Date "2012.07.08"]
[Round "2.36"]
[White "Sergent, Gaspard"]
[Black "Soriano, Jean-Claude"]
[Result "1/2-1/2"]
[WhiteElo "1530"]
[BlackElo "1730"]
[PlyCount "86"]
[EventDate "2012.??.??"]

1. d4 d5 2. c4 c6 3. Nf3 Nd7 4. Nc3 e6 5. Bg5 Ngf6 6. e3 Be7 7. Bd3 O-O 8. O-O
Re8 9. Re1 Qc7 10. c5 e5 11. Bf5 e4 12. Nd2 g6 13. Bh3 Nh5 14. Bxe7 Rxe7 15. b4
Ndf6 16. Bxc8 Qxc8 17. Nf1 Ng4 18. Ng3 Nxg3 19. fxg3 Qf5 20. Qe2 Qh5 21. h3 Nf6
22. Qxh5 Nxh5 23. Kh2 f5 24. b5 g5 25. Rf1 Rf8 26. g4 fxg4 27. Rxf8+ Kxf8 28.
Rf1+ Rf7 29. Rxf7+ Kxf7 30. hxg4 Nf6 31. Kh3 Kg6 32. a4 h5 33. gxh5+ Kxh5 34.
a5 Ng4 35. Nd1 Nf6 36. b6 a6 37. Nf2 g4+ 38. Kh2 Kg5 39. g3 Ng8 40. Kg2 Ne7 41.
Nd1 Kf5 42. Nc3 Ke6 43. Ne2 Ng6 1/2-1/2